| Tag |
First Indicator |
Second Indicator |
Subfields |
| LEADER |
00000cam a2200000 4500 |
| 001 |
in00003820105 |
| 005 |
20190415184118.0 |
| 006 |
m o d |
| 007 |
cr |n||||||||n |
| 008 |
790116s1719 enk|||| o 00| ||eng c |
| 035 |
|
|
|a (CU-RivES)T11718
|
| 035 |
|
|
|a (Uk-ES)006211509
|
| 035 |
|
|
|a (OCoLC)508464107
|
| 040 |
|
|
|a Uk-ES
|c Uk-ES
|d CStRLIN
|d Cengage Gale
|d UtOrBLW
|
| 100 |
1 |
|
|a Emlyn, Thomas,
|d 1663-1741.
|0 http://id.loc.gov/authorities/names/n85024771
|
| 245 |
1 |
0 |
|a Remarks on a book, intitled, The doctrine of the blessed trinity stated and defended :
|b by four London-ministers, Mr. Tong, Mr. Robinson, Mr. Smith, and Mr. Reynolds. By Thomas Emlyn.
|
| 264 |
|
3 |
|a London :
|b printed by J. Darby, and sold by J. Noon at the White-Hart in Cheapside, and J. Roberts near the Oxford-Arms in Warwick Lane,
|c 1719.
|
| 300 |
|
|
|a 1 online resource (78, 2 unnumbered pages)
|
| 336 |
|
|
|a text
|b txt
|2 rdacontent
|
| 337 |
|
|
|a computer
|b c
|2 rdamedia
|
| 338 |
|
|
|a online resource
|b cr
|2 rdacarrier
|
| 500 |
|
|
|a With a final leaf of advertisements.
|
| 500 |
|
|
|a Below im print: (Price 1s.)
|
| 510 |
4 |
|
|a English Short Title Catalog,
|c T11718.
|
| 500 |
|
|
|a Reproduction of original from British Library.
|
| 500 |
|
|
|a Electronic resource.
|
| 600 |
1 |
0 |
|a Tong, William,
|d 1662-1727.
|t Doctrine of the blessed Trinity stated and defended
|v Early works to 1800.
|
| 650 |
|
0 |
|a Trinity
|v Early works to 1800.
|0 http://id.loc.gov/authorities/subjects/sh2008113008
|
| 650 |
|
0 |
|a Dissenters, Religious
|z England
|v Early works to 1800.
|0 http://id.loc.gov/authorities/subjects/sh2008102319
|
| 655 |
|
7 |
|a Electronic books.
|2 local
|
| 710 |
2 |
|
|a Gale (Firm)
|0 http://id.loc.gov/authorities/names/no2008071348
|
| 752 |
|
|
|a Great Britain
|b England
|d London.
|
| 856 |
4 |
0 |
|u http://proxy.library.tamu.edu/login?url=http://find.galegroup.com/ecco/infomark.do?contentSet=ECCOArticles&docType=ECCOArticles&bookId=1425000400&type=getFullCitation&tabID=T001&prodId=ECCO&docLevel=TEXT_GRAPHICS&version=1.0&source=library&userGroupName=txshracd2898
|z Connect to the full text of this electronic book
|t 0
|
| 999 |
f |
f |
|s 6a486d14-139d-34d2-bd80-5faa6807b4c4
|i 1bce9987-4898-3d63-b353-f3f513be325e
|t 0
|
| 952 |
f |
f |
|a Texas A&M University
|b College Station
|c Electronic Resources
|d Available Online
|t 0
|h No information provided
|
| 998 |
f |
f |
|t 0
|l Available Online
|